000 00257nam a22001217a 4500
008 171103b xxu||||| |||| 00| 0 eng d
041 _aeng
080 _28 ED
_a339.138
100 _a60
101 _aMAR
245 _aMARKETING
_cKERIN.H
942 _2udc
_cBK
999 _c37441
_d37441